Time series analysis and its applications. With R examples

The fourth edition of this popular graduate textbook, like its predecessors, presents a balanced and comprehensive treatment of both time and frequency domain methods with accompanying theory. Numerous examples using nontrivial data illustrate solutions to problems such as discovering natural and an...

Full beskrivning

Sparad:
Bibliografiska uppgifter
Huvudupphovsmän: Shumway, Robert H (Författare, medförfattare), Stoffer, David S (Författare, medförfattare)
Materialtyp: Elektronisk
Publicerad: Cham, Switzerland: Springer, 2017.
Upplaga:Fourth Edition.
Serie:Springer Texts in Statistics.
Ämnen:
Länkar:Disponible Online.
Taggar: Lägg till en tagg
Inga taggar, Lägg till första taggen!

MARC

LEADER 00000 a2200000 4500
003 CL-VaPUC
005 20241030161834.0
008 221018t2017 ||||| |||| 00| 0 eng d
999 |c 438664  |d 438662 
020 |a 978-3-319-52451-1 (Softcover) 
020 |a 978-3-319-52452-8 (eBook) 
040 |c Pontificia Universidad Católica de Valparaíso 
082 |a 519.55 SHU 2017  |2 22 
100 |a Shumway, Robert H  |9 534910  |e author 
245 |a Time series analysis and its applications.  |b With R examples  |h [electronic resource]. 
250 |a Fourth Edition. 
260 |a Cham, Switzerland:  |b Springer,  |c 2017. 
300 |a xiii, 562 páginas.  |b Online resource. 
490 |a Springer Texts in Statistics. 
520 |a The fourth edition of this popular graduate textbook, like its predecessors, presents a balanced and comprehensive treatment of both time and frequency domain methods with accompanying theory. Numerous examples using nontrivial data illustrate solutions to problems such as discovering natural and anthropogenic climate change, evaluating pain perception experiments using functional magnetic resonance imaging, and monitoring a nuclear test ban treaty. The book is designed as a textbook for graduate level students in the physical, biological, and social sciences and as a graduate level text in statistics. Some parts may also serve as an undergraduate introductory course. Theory and methodology are separated to allow presentations on different levels. In addition to coverage of classical methods of time series regression, ARIMA models, spectral analysis and state-space models, the text includes modern developments including categorical time series analysis, multivariate spectral methods, long memory series, nonlinear models, resampling techniques, GARCH models, ARMAX models, stochastic volatility, wavelets, and Markov chain Monte Carlo integration methods. This edition includes R code for each numerical example in addition to Appendix R, which provides a reference for the data sets and R scripts used in the text in addition to a tutorial on basic R commands and R time series. An additional file is available on the book’s website for download, making all the data sets and scripts easy to load into R. 
583 |k GC  |c 20221018 
650 |a Estadística matemática  |9 260028  |x Tiempo y frecuencia  |v Análisis de series 
650 0 |a Análisis de series temporales  |9 427368  |v Métodos estadísticos 
700 |a Stoffer, David S  |9 534911  |e author 
856 |u https://doi.org/10.1007/978-3-319-52452-8  |y Disponible Online. 
942 |2 ddc  |c BK 
952 |0 0  |1 0  |2 ddc  |4 0  |6 519_550000000000000_SHU_2017  |7 0  |8 A  |9 587301  |a BIBGIM  |b BIBGIM  |c GEN  |d 2022-10-14  |e 3  |g 68811.00  |i 5655221  |o 519.55 SHU 2017  |p 5655221  |r 2025-01-15  |t 1  |v 68811.00  |w 2022-10-14  |y BK  |k EST 
952 |0 0  |1 0  |2 ddc  |4 0  |6 519_550000000000000_SHU_2017  |7 0  |8 A  |9 593504  |a BIBING  |b BIBING  |c GEN  |d 2024-03-01  |e 1  |g 117060.00  |i 5660242  |o 519.55 SHU 2017  |p 5660242  |r 2025-01-20  |t 2  |v 117060.00  |w 2024-03-01  |y BK  |k GEO 
952 |0 0  |1 0  |2 ddc  |4 0  |6 519_550000000000000_SHU_2017  |7 0  |8 A  |9 593505  |a BIBING  |b BIBING  |c GEN  |d 2024-03-01  |e 1  |g 117060.00  |i 5660243  |o 519.55 SHU 2017  |p 5660243  |r 2025-01-20  |t 3  |v 117060.00  |w 2024-03-01  |y BK  |k GEO 
952 |0 0  |1 0  |2 ddc  |4 0  |7 5  |9 597631  |a BIBGIM  |b BIBGIM  |c ONLINE  |d 2024-10-28  |i 438664  |p 438664  |r 2024-10-28  |w 2024-10-28  |y BK  |k EST